Catálogo
 En Linea

Escritos reunidos / (Registro nro. 49781)

Detalles MARC
000 -CABECERA
campo de control de longitud fija 02522nam a22003617a 4500
003 - IDENTIFICADOR DEL NÚMERO DE CONTROL
campo de control DO-SdBNP
005 - FECHA Y HORA DE LA ÚLTIMA TRANSACCIÓN
campo de control 20240530073937.0
007 - CAMPO FIJO DE DESCRIPCIÓN FÍSICA--INFORMACIÓN GENERAL
campo de control de longitud fija ta
008 - DATOS DE LONGITUD FIJA--INFORMACIÓN GENERAL
campo de control de longitud fija 210426e2020 dr ||||e |||| 001 e spa d
020 ## - NÚMERO INTERNACIONAL ESTÁNDAR DEL LIBRO
Número Internacional Estándar del Libro 9789945610383
020 ## - NÚMERO INTERNACIONAL ESTÁNDAR DEL LIBRO
Número Internacional Estándar del Libro 9789945610369 (obra completa).
040 ## - FUENTE DE LA CATALOGACIÓN
Centro catalogador/agencia de origen DO-SdBNP
Lengua de catalogación spa
Centro/agencia transcriptor BNPHU
041 ## - CÓDIGO DE LENGUA
Código de lengua original spa
082 #4 - NÚMERO DE LA CLASIFICACIÓN DECIMAL DEWEY
Número de clasificación RD868.3
Número de documento/Ítem C352es
100 10 - ENTRADA PRINCIPAL--NOMBRE DE PERSONA
Nombre de persona Castillo, Rafael Justino,
Fechas asociadas al nombre 1861-1933
9 (RLIN) 31937
245 10 - MENCIÓN DE TÍTULO
Título Escritos reunidos /
Mención de responsabilidad, etc. Rafael J. Castillo ; Andrés Blanco Díaz , editor ; Milton Ray Guevara , prólogo
260 ## - PUBLICACIÓN, DISTRIBUCIÓN, ETC.
Lugar de publicación, distribución, etc. Santo Domingo :
Nombre del editor, distribuidor, etc. Tribunal Constitucional de la República Dominicana ,
Fecha de publicación, distribución, etc. 2020
300 ## - DESCRIPCIÓN FÍSICA
Extensión 2v. ;
Dimensiones 23 cm.
490 ## - MENCIÓN DE SERIE
Mención de serie Clásicos de derecho constitucional.
500 ## - NOTA GENERAL
Nota general Incluye referencias bibliográficas y notas al pie de las páginas
505 0# - NOTA DE CONTENIDO CON FORMATO
Información miscelánea v.1. Ensayos 1887-1907
Título Prólogo del Magistrado presidente Dr. Milton Ray Guevara --
-- Cronología mínima--
-- La abolición de la pena de muerte es una necesidad jurídica --
-- La pena de muerte --
-- La asociación --
-- El primo Basilio --
-- Acerca de la alimentación y las razas por J: R. López --
-- Política Positiva --
-- Reformas --
-- Proyecto de Constitución.-
-- De frente al sol --
-- La concesión Clyde --
-- La constitución que nos Rige. (notas críticas) --
-- El convenio domínico-norteamericano --
-- Por el bién público --
-- La constitución --
-- Memoria de la Suprema Corte de Justicia al servicio de Estado del ramo --
505 0# - NOTA DE CONTENIDO CON FORMATO
Información miscelánea v.2. Ensayos, 1908-1932
Título Prólogo del Magistrado presidente Dr. Milton Ray Guevara --
-- Acerca de la Constitución --
-- El patrio suelo --
-- Las enfernedades del medio. Necesidad de los partidos políticos --
-- La nueva Constitución --
-- Edificando --
-- El consejo de Secretarios de estado no es Poder Ejecutivo desde arriba --
-- Análisi de la Constitución --
-- La reformai --
-- La reforma II --
-- El problema de la actual situación financiera --
-- El proyecto de reforma constitucional --
-- Proyecto de código Civil dominicano --
-- Mi contribución --
-- Código Nacional.
590 ## - NOTA LOCAL (RLIN)
Nota local Inventariado, 2020/MFF
600 14 - PUNTO DE ACCESO ADICIONAL DE MATERIA--NOMBRE DE PERSONA
Nombre de persona Castillo, Rafael Justino,
Fechas asociadas al nombre 1861-1933
Subdivisión de forma Colecciones de escritos
9 (RLIN) 78489
650 #0 - PUNTO DE ACCESO ADICIONAL DE MATERIA--TÉRMINO DE MATERIA
Término de materia o nombre geográfico como elemento de entrada Ensayos dominicanos
9 (RLIN) 65
651 #4 - PUNTO DE ACCESO ADICIONAL DE MATERIA--NOMBRE GEOGRÁFICO
Nombre geográfico República Dominicana
Subdivisión general Legislación
9 (RLIN) 10538
651 #4 - PUNTO DE ACCESO ADICIONAL DE MATERIA--NOMBRE GEOGRÁFICO
Nombre geográfico República Dominicana
Subdivisión general Historia
9 (RLIN) 170
700 1# - PUNTO DE ACCESO ADICIONAL--NOMBRE DE PERSONA
Nombre de persona Blanco Díaz, Andrés
Término indicativo de función/relación editor
9 (RLIN) 172
700 1# - PUNTO DE ACCESO ADICIONAL--NOMBRE DE PERSONA
Nombre de persona Milton Ray Guevara
Fechas asociadas al nombre 1948-
Término indicativo de función/relación prólogo
9 (RLIN) 78143
830 #0 - PUNTO DE ACCESO ADICIONAL DE SERIE-TÍTULO UNIFORME
Número de parte o sección de la obra Tribunal de derecho constitucional
9 (RLIN) 78480
910 ## - DATOS DE OPCIÓN DEL USUARIO (OCLC)
Datos de opción del usuario Validado. Control de calidad MFF
942 ## - ELEMENTOS DE PUNTO DE ACCESO ADICIONAL (KOHA)
Fuente del sistema de clasificación o colocación Dewey Decimal Classification
Tipo de ítem Koha Libro
Existencias
Estado de retiro Estado de pérdida Fuente del sistema de clasificación o colocación Restricciones de uso No para préstamo Código de colección Localización permanente Ubicación/localización actual Ubicación en estantería Fecha de adquisición Fuente de adquisición Total de préstamos Signatura topográfica completa Código de barras Fecha visto por última vez Número de copia Precio válido a partir de Tipo de ítem Koha
    Dewey Decimal Classification Préstamo en sala   Dominicana de Servicio Biblioteca Nacional Pedro Henríquez Ureña General Depósito 26.03.2021 Donado por Editora Búho   BNPHU DS RD868.3 C352es 2021-1583 26.04.2021 v.1,e.3 26.04.2021 Libro y Folleto Colección Dominicana de Servicio
    Dewey Decimal Classification Préstamo en sala   Dominicana de Servicio Biblioteca Nacional Pedro Henríquez Ureña General Depósito 26.03.2021 Donado por Editora Búho   BNPHU DS RD868.3 C352es 2021-1586 26.04.2021 v.2, e.3 26.04.2021 Libro y Folleto Colección Dominicana de Servicio
    Dewey Decimal Classification Préstamo restringido Préstamo restrigido Patrimonio Dominicano Biblioteca Nacional Pedro Henríquez Ureña Patrimonio Dominicano Depósito 26.03.2021 Donado por Editora Búho   BNPHU PD RD868.3 C352es 2021-1581 26.04.2021 v.1 26.04.2021 Libro y Folleto Colección Patrimonio Dominicano
    Dewey Decimal Classification Excluido de préstamo Préstamo restrigido Patrimonio Dominicano Biblioteca Nacional Pedro Henríquez Ureña Patrimonio Dominicano Depósito 26.03.2021 Donado por Editora Búho   BNPHU PD RD868.3 C352es 2021-1582 26.04.2021 v.1,e.2 26.04.2021 Libro y Folleto Colección Patrimonio Dominicano
    Dewey Decimal Classification Excluido de préstamo Préstamo restrigido Patrimonio Dominicano Biblioteca Nacional Pedro Henríquez Ureña Patrimonio Dominicano Depósito 26.03.2021 Donado por Editora Búho   BNPHU PD RD868.3 C352es 2021-1584 26.04.2021 v.2 26.04.2021 Libro y Folleto Colección Patrimonio Dominicano
    Dewey Decimal Classification Excluido de préstamo Préstamo restrigido Patrimonio Dominicano Biblioteca Nacional Pedro Henríquez Ureña Patrimonio Dominicano Depósito 26.03.2021 Donado por Editora Búho   BNPHU PD RD868.3 C352es 2021-1585 26.04.2021 v.2,e.2 26.04.2021 Libro y Folleto Colección Patrimonio Dominicano

Con tecnología Koha